Les futures lignes du métro parisien - Statistiques

Statistiques générales
  • Ce quiz a été pris 14 fois
  • Le résultat moyen est 50 sur 93
Statistiques - réponses
Hint Réponse % Correct
Communes qui seront desservies par la ligne 17 93 Saint-Denis S
100%
Communes qui seront desservies par la ligne 16 93 Saint-Denis S
100%
Communes qui seront desservies par la ligne 15 94 Créteil C
91%
Stations existantes qui feront correspondance avec la ligne 15 Ligne 1 La Défense L
91%
Stations existantes qui feront correspondance avec la ligne 15 RER A La Défense L
91%
Stations existantes qui feront correspondance avec la ligne 15 RER E La Défense L
91%
Stations existantes qui feront correspondance avec la ligne 15 Ligne 9 Pont de Sèvres P
91%
Communes qui seront desservies par la ligne 15 94 Villejuif V
91%
Communes qui seront desservies par la ligne 15 92 Bagneux B
82%
Stations existantes qui feront correspondance avec la ligne 15 Ligne 4 Bagneux - Lucie Aubrac B
82%
Stations existantes qui feront correspondance avec la ligne 15 Ligne 5 Bobigny - Pablo Picasso B
82%
Stations existantes qui feront correspondance avec la ligne 15 Ligne 8 Créteil - L'Échat C
82%
Stations existantes qui feront correspondance avec la ligne 15 Ligne 12 Mairie d'Aubervilliers M
82%
Communes qui seront desservies par la ligne 18 91 Massy M
82%
Stations existantes qui feront correspondance avec la ligne 15 Ligne 14 Saint-Denis Pleyel S
82%
Stations existantes qui feront correspondance avec la ligne 15 RER D Saint-Denis Pleyel S
82%
Stations existantes qui feront correspondance avec la ligne 16 Ligne 14 Saint-Denis Pleyel S
82%
Stations existantes qui feront correspondance avec la ligne 16 RER D Saint-Denis Pleyel S
82%
Stations existantes qui feront correspondance avec la ligne 17 Ligne 14 Saint-Denis Pleyel S
82%
Stations existantes qui feront correspondance avec la ligne 17 RER D Saint-Denis Pleyel S
82%
Communes qui seront desservies par la ligne 18 78 Versailles V
82%
Stations existantes qui feront correspondance avec la ligne 15 Ligne 7 Villejuif - Louis Aragon V
82%
Communes qui seront desservies par la ligne 15 92 Châtillon C
73%
Stations existantes qui feront correspondance avec la ligne 15 Ligne 7 Fort d'Aubervilliers F
73%
Stations existantes qui feront correspondance avec la ligne 15 Ligne 13 Les Agnettes L
73%
Stations existantes qui feront correspondance avec la ligne 15 RER A Noisy - Champs N
73%
Stations existantes qui feront correspondance avec la ligne 16 RER A Noisy - Champs N
73%
Stations existantes qui feront correspondance avec la ligne 15 Ligne 11 Rosny-Bois-Perrier R
73%
Stations existantes qui feront correspondance avec la ligne 15 RER E Rosny-Bois-Perrier R
73%
Stations existantes qui feront correspondance avec la ligne 15 RER A Val de Fontenay V
73%
Stations existantes qui feront correspondance avec la ligne 15 RER E Val de Fontenay V
73%
Stations existantes qui feront correspondance avec la ligne 18 Ligne 14 Aéroport d'Orly A
64%
Communes qui seront desservies par la ligne 18 92 Antony A
64%
Stations existantes qui feront correspondance avec la ligne 15 Ligne 13 Châtillon - Montrouge C
64%
Communes qui seront desservies par la ligne 16 93 Sevran S
64%
Communes qui seront desservies par la ligne 16 93 Aulnay-sous-Bois A
55%
Stations existantes qui feront correspondance avec la ligne 15 RER E Bondy B
55%
Communes qui seront desservies par la ligne 17 93 La Courneuve L
55%
Communes qui seront desservies par la ligne 16 93 La Courneuve L
55%
Communes qui seront desservies par la ligne 16 93 Le Blanc-Mesnil L
55%
Stations existantes qui feront correspondance avec la ligne 16 RER B Le Bourget L
55%
Stations existantes qui feront correspondance avec la ligne 17 RER B Le Bourget L
55%
Communes qui seront desservies par la ligne 17 93 Le Bourget L
55%
Communes qui seront desservies par la ligne 16 93 Le Bourget L
55%
Stations existantes qui feront correspondance avec la ligne 15 RER C Les Ardoines L
55%
Stations existantes qui feront correspondance avec la ligne 18 RER B Massy - Palaiseau M
55%
Stations existantes qui feront correspondance avec la ligne 18 RER C Massy - Palaiseau M
55%
Communes qui seront desservies par la ligne 16 93 Noisy-le-Grand N
55%
Communes qui seront desservies par la ligne 15 93 Noisy-le-Grand N
55%
Communes qui seront desservies par la ligne 18 91 Orsay O
55%
Communes qui seront desservies par la ligne 18 91 Palaiseau P
55%
Stations existantes qui feront correspondance avec la ligne 15 RER B Arcueil - Cachan A
45%
Stations existantes qui feront correspondance avec la ligne 15 RER C Issy I
45%
Communes qui seront desservies par la ligne 15 92 Issy-les-Moulineaux I
45%
Communes qui seront desservies par la ligne 15 92 Montrouge M
45%
Stations existantes qui feront correspondance avec la ligne 15 RER E Nanterre La Folie N
45%
Stations existantes qui feront correspondance avec la ligne 18 RER E Nanterre La Folie N
45%
Stations existantes qui feront correspondance avec la ligne 16 RER B Sevran - Beaudottes S
45%
Stations existantes qui feront correspondance avec la ligne 16 RER B Sevran - Livry S
45%
Stations existantes qui feront correspondance avec la ligne 15 RER B Stade de France S
45%
Stations existantes qui feront correspondance avec la ligne 18 RER C Versailles Chantiers V
45%
Communes qui seront desservies par la ligne 15 94 Vitry-sur-Seine V
45%
Communes qui seront desservies par la ligne 15 92 Boulogne-Billancourt B
36%
Communes qui seront desservies par la ligne 15 94 Champigny-sur-Marne C
36%
Communes qui seront desservies par la ligne 16 77 Chelles C
36%
Communes qui seront desservies par la ligne 15 92 Clamart C
36%
Communes qui seront desservies par la ligne 16 93 Clichy-sous-Bois C
36%
Communes qui seront desservies par la ligne 17 93 Drancy D
36%
Communes qui seront desservies par la ligne 18 91 Gif-sur-Yvette G
36%
Communes qui seront desservies par la ligne 15 94 Maisons-Alfort M
36%
Communes qui seront desservies par la ligne 18 91 Saclay S
36%
Communes qui seront desservies par la ligne 15 92 Vanves V
36%
Communes qui seront desservies par la ligne 15 94 Villiers-sur-Marne V
36%
Stations existantes qui feront correspondance avec la ligne 17 RER B Aéroport Charles-de-Gaulle A
27%
Communes qui seront desservies par la ligne 15 94 Alfortville A
27%
Communes qui seront desservies par la ligne 15 94 Cachan C
27%
Stations existantes qui feront correspondance avec la ligne 16 RER E Chelles – Gournay C
27%
Communes qui seront desservies par la ligne 17 93 Dugny D
27%
Communes qui seront desservies par la ligne 17 77 Le Mesnil-Amelot L
27%
Stations existantes qui feront correspondance avec la ligne 15 RER C Les Grésillons L
27%
Communes qui seront desservies par la ligne 16 93 Montfermeil M
27%
Stations existantes qui feront correspondance avec la ligne 15 RER E Nogent - Le Perreux N
27%
Stations existantes qui feront correspondance avec la ligne 17 RER B Parc des Expositions P
27%
Communes qui seront desservies par la ligne 17 95 Gonesse G
18%
Communes qui seront desservies par la ligne 18 78 Guyancourt G
18%
Communes qui seront desservies par la ligne 15 94 Saint-Maur-des-Fossés S
18%
Communes qui seront desservies par la ligne 17 93 Villepinte V
18%
Communes qui seront desservies par la ligne 16 77 Champs-sur-Marne C
9%
Communes qui seront desservies par la ligne 15 77 Champs-sur-Marne C
9%
Communes qui seront desservies par la ligne 18 91 Saint-Aubin S
9%
Communes qui seront desservies par la ligne 17 93 Tremblay-en-France T
9%
Communes qui seront desservies par la ligne 17 77 Mauregard M
0%
Communes qui seront desservies par la ligne 18 91 Paray-Vieille-Poste P
0%
Aucun quiz correspondant
Distribution des résultats
% des personnes avec chaque résultat
Percentile par nombre de réponses
Votre historique - résultats
Vous n’avez pas pris ce quiz